000 00502nam a2200193Ia 4500
003 OSt
005 20240405133208.0
008 210210b1949 xxu||||| |||| 00| 0 eng d
040 _cAL
041 _aKannada
082 _a856/139
100 _aSITARAMAYYA (V)
_dವಿ.ಸೀತಾರಾಮಯ್ಯ
_9157936
245 _aKanunu
_b ಕಾನೂನು
260 _aMaisUru
_b-
_c1949
650 _aKanunu
_9157937
690 _aKannada Miscellaneous
_9157938
906 _a020386
942 _2ddc
_cBK
999 _c144535
_d144535